La géopolitique (notice n° 1558613)

détails MARC
000 -LEADER
fixed length control field 01659cam a2200277zu 4500
003 - CONTROL NUMBER IDENTIFIER
control field FRCYB88948593
005 - DATE AND TIME OF LATEST TRANSACTION
control field 20251020125626.0
008 - FIXED-LENGTH DATA ELEMENTS--GENERAL INFORMATION
fixed length control field 251020s2023 fr | o|||||0|0|||fre d
020 ## - INTERNATIONAL STANDARD BOOK NUMBER
International Standard Book Number 9782416013249
035 ## - SYSTEM CONTROL NUMBER
System control number FRCYB88948593
040 ## - CATALOGING SOURCE
Original cataloging agency FR-PaCSA
Language of cataloging fr
Transcribing agency
Description conventions rda
100 1# - MAIN ENTRY--PERSONAL NAME
Personal name Boniface, Pascal
245 01 - TITLE STATEMENT
Title La géopolitique
Remainder of title 50 fiches pour comprendre l'actualité / 170 000 exemplaires vendus
Statement of responsibility, etc. ['Boniface, Pascal']
264 #1 - PRODUCTION, PUBLICATION, DISTRIBUTION, MANUFACTURE, AND COPYRIGHT NOTICE
Name of producer, publisher, distributor, manufacturer Eyrolles
Date of production, publication, distribution, manufacture, or copyright notice 2023
300 ## - PHYSICAL DESCRIPTION
Extent p.
336 ## - CONTENT TYPE
Content type code txt
Source rdacontent
337 ## - MEDIA TYPE
Media type code c
Source rdamdedia
338 ## - CARRIER TYPE
Carrier type code c
Source rdacarrier
520 ## - SUMMARY, ETC.
Summary, etc. La géopolitique n'est plus réservée aux spécialistes, elle touche désormais le grand public au quotidien. Ce livre a pour but de permettre à chacun de disposer d'une initiation rapide et accessible à la géopolitique. Pédagogique, ce livre commence par définir ce qu'est la géopolitique. Pratique, il propose ensuite 50 fiches thématiques et documentées pour dresser un panorama des conflits (de l'Ukraine à la mer de Chine), des problématiques et des tendances du monde actuel (le duel États-Unis/ Chine, la gouvernance mondiale, le soft power, etc.). Il constitue une synthèse d'introduction et de référence sur le sujet.   Cette nouvelle édition comprend des cartes mises à jour et des textes inédits, ainsi que l'accès à 20 vidéos explicatives de l'auteur.   Les défis Les crises Les tendances Les questions
650 #0 - SUBJECT ADDED ENTRY--TOPICAL TERM
Topical term or geographic name entry element
700 0# - ADDED ENTRY--PERSONAL NAME
Personal name Boniface, Pascal
856 40 - ELECTRONIC LOCATION AND ACCESS
Access method Cyberlibris
Uniform Resource Identifier <a href="https://international.scholarvox.com/netsen/book/88948593">https://international.scholarvox.com/netsen/book/88948593</a>
Electronic format type text/html
Host name

Pas d'exemplaire disponible.

PLUDOC

PLUDOC est la plateforme unique et centralisée de gestion des bibliothèques physiques et numériques de Guinée administré par le CEDUST. Elle est la plus grande base de données de ressources documentaires pour les Étudiants, Enseignants chercheurs et Chercheurs de Guinée.

Adresse

627 919 101/664 919 101

25 boulevard du commerce
Kaloum, Conakry, Guinée

Réseaux sociaux

Powered by Netsen Group @ 2025